Normal view
MARC view
- الرياضيات - تعليم
Entry Topical Term
001 - CONTROL NUMBER
- control field: 57594
003 - CONTROL NUMBER IDENTIFIER
- control field: JO-AjAnu
005 - DATE AND TIME OF LATEST TRANSACTION
- control field: 20230606083430.0
008 - FIXED-LENGTH DATA ELEMENTS
- fixed length control field: 230606|| aca||aabn | a|a d
040 ## - CATALOGING SOURCE
- Original cataloging agency: JO-AjAnu
- Transcribing agency: JO-AjAnu
150 ## - HEADING--TOPICAL TERM
- Topical term or geographic name entry element: الرياضيات - تعليم
670 ## - SOURCE DATA FOUND
- Source citation: Work cat.: (JO-AjAnu)29387: اعداد الصمادي، عبير محمد علي؛ اشراف خمسي موسى نجم, author 57593, دراسة تحليلية لمهارات النفكير الرياضي في كتاب الرياضيات المدرسي للصف السابع الاساسي في الاردن=Analytical Study of Mathematical Thinking Skills in Mathematics Textbook for the seven Grade in Jordan